Normal view
MARC view
- INTERNETWORKING (TELECOMUNICACION)
Entry Materia
001 - NÚMERO DE CONTROL DEL REGISTRO
- campo de control: 8978
003 - IDENTIFICADOR DE NUMERO DE CONTROL
- campo de control: UPN
005 - FECHA Y HORA DE LA ÚLTIMA TRANSACCIÓN
- campo de control: 20210219193731.0
008 - DATOS DE LONGITUD FIJA
- campo de control de longitud fija: nabaccnnaabn|||||||||| b |nc|||||d
035 ## - NÚMERO DE CONTROL DEL SISTEMA
- Número de control del sistema: UPN10000008984
040 ## - FUENTE DE LA CATALOGACIÓN
- Lengua de catalogación: SPA
- Agencia de transcripción: UPN
150 ## - ENCABEZAMIENTO - TEMÁTICO
- Término de materia o nombre geográfico como elemento inicial: INTERNETWORKING (TELECOMUNICACION)
670 ## - FUENTE EN LA QUE SE LOCALIZARON DATOS
- Cita de la fuente: LC
- Información localizada: Internetworking (Telecommunication)
670 ## - FUENTE EN LA QUE SE LOCALIZARON DATOS
- Cita de la fuente: T
- Identificador Uniforme del Recurso: http://www.casadomo.com/diccionario.aspx?id=3521&idm=&pat
680 ## - NOTA GENERAL CON DESPLIEGUE PÚBLICO
- Encabezamiento: Aquí se asientan las obras que tratan sobre los procedimientos utilizados para ligar redes de computadoras y para permitir que se establezca comunicación entre éstas
902 ## - CATALOGADOR
- Catalogador: BDV/260208
